| 000 | 00530nam a2200193 u 4500 | ||
|---|---|---|---|
| 001 | 000772200 | ||
| 003 | AM-YeHGA | ||
| 005 | 20250617143900.0 | ||
| 008 | 101118s1939 fr r 000 0 fre d | ||
| 040 | _aAM-YeHGA | ||
| 041 | 0 | _afre | |
| 100 | 1 | _aRostand, Edmond | |
| 245 | 1 | 0 |
_aCyrano de Bergerac : _bComedie heroique en cinq actes / _cEdmond Rostand. |
| 260 |
_aParis : _bL'Illustration, _c1939. |
||
| 300 | _a[65] p. | ||
| 440 | 3 |
_aLa Petite Illustration.Theatre _vNo. 454 |
|
| 650 | 1 | 4 |
_aTheatre _zFrance |
| 090 | _c284929 | ||
| 999 |
_c283269 _d283269 |
||